LDR 00888nam a2200217 i 4500 001 000000183095 003 CaOOAMICUS 005 20091105000000.0 008 091105s1912 it u000 u ita u 013 $a161057 040 $aSeMil$bita 100 1 $aMarchese, Virginio.$0(OLS)http://semarc/name/67433 245 13$aLe mie impressioni al Concilio Vaticano /$cVirginio Marchese. 260 $aSaluzzo :$bRichard già Rovera e C.,$c1912. 300 $a159 p. ;$c21 cm. 650 4$aConcilio Vaticano I <1869-1870>.$0(OLS)http://semarc/subject/1023 850 $aSeMil 852 $aSeMil$W1$xVenegono$y1$m3E III 34$j133799$B133799$CSeMilBibl$Z2$F145514 $81 961 $aRecupero: Biblioteca Seminario Saronno 996 $6245$aLe mie impressioni al Concilio Vaticano$9(OLS)http://semarc/title/262777 996 $6260$aSaluzzo :$bRichard già Rovera e C.$9(OLS)http://semarc/publisher/41735